00852cam a2200241 i 450000100060000000300080000600500170001400800390003102000170007003500190008704000330010604100080013908200150014710000480016224500560021026000390026630000510030550000620035650400510041860000640046965000480053370000290058123372BD-RjUL20211209000925.0140310s1954 nyuaf b 001 0aeng a0374988331 : a(BD-RjUL)23437 aDLCcDLCdDLCd BD-RjULbeng aeng00a821.8bYEL1 aYeats, W. B.q(William Butler),d1865-1939.04aThe letters of W. B. Yeats /cedited by Allan Wade. aNew York :bOctagon Books,cc1954. a938 p., [9] leaves of plates :bill. ;c24 cm. aReprint of the 1955 ed. published by Macmillan, New York. aIncludes bibliographical references and index.10aYeats, W. B.q(William Butler),d1865-1939xCorrespondence. 0aPoets, Irishy20th centuryxCorrespondence.1 aWade, Allan,d1881-1955.